000
00489nam a2200145Ia 4500
008
100204s9999 xx 000 0 und d
082
_b
10020
100
_a
किणीकर रॉय
245
_a
उत्तररात्र
260
_b
"कॉम्प-प्रिंंंंंट कल्पना प्रा. लि., पुणे"
_c
1985 2
300
_a
96
630
_a
उत्तररात्र
730
_a
उत्तररात्र
942
_c
BOOK
999
_c
454456
_d
454453